[Event "FICGS class C 000250 email"]
[Site "FICGS email"]
[Date "2018.03.22"]
[Round "1"]
[White "Dyson, John"]
[Black "Ramella, Mariano"]
[Result "1-0"]
[WhiteElo "1934"]
[BlackElo "1800"]
[PlyCount "41"]
[EventDate "2018.??.??"]
[EventType "tourn (corr)"]
[EventRounds "4"]
[SourceTitle "Corr 2022"]
[Source "ChessBase"]
[SourceDate "2021.10.24"]
[SourceVersion "1"]
[SourceVersionDate "2021.10.24"]
[SourceQuality "1"]

1. Nf3 Nf6 2. c4 g6 3. g3 Bg7 4. Bg2 0-0 5. 0-0 d6 6. d4 Nbd7 7. d5 e5 8. dxe6 fxe6 9. Nc3 a6 10. Bg5 h6 11. Bd2 e5 12. Nh4 Kh7 13. Qc2 Qe8 14. Rae1 Qf7 15. f4 exf4 16. Nd5 Nxd5 17. Bxd5 Qe8 18. Nxg6 Bd4+ 19. e3 Bxe3+ 20. Rxe3 fxe3 21. Nxf8+ 1-0

[Event "RN-2013-0-00646"]
[Site "LSS email"]
[Date "2013.05.16"]
[Round "?"]
[White "Ramella, Mariano"]
[Black "Neumann, Rudolf Phernandes O"]
[Result "1-0"]
[WhiteElo "929"]
[BlackElo "751"]
[PlyCount "61"]
[EventDate "2013.05.06"]
[EventType "tourn (corr)"]
[EventRounds "6"]
[EventCountry "GER"]
[SourceTitle "Telechess CBM 161"]
[Source "ChessBase"]
[SourceDate "2014.07.16"]
[SourceVersion "1"]
[SourceVersionDate "2014.07.16"]
[SourceQuality "1"]

1. e4 c6 2. d4 d5 3. Nc3 dxe4 4. Nxe4 Bf5 5. Ng3 Bg6 6. c3 Nf6 7. Nf3 Nbd7 8. Bc4 e6 9. 0-0 Be7 10. Re1 0-0 11. Nh4 Re8 12. Nxg6 hxg6 13. Bg5 Nb6 14. Bb3 a5 15. a4 Nfd5 16. Bxe7 Nxe7 17. Ne4 Nbd5 18. Bxd5 Nxd5 19. Nc5 b6 20. Ne4 Kh7 21. Qf3 f5 22. Qh3+ Kg8 23. Nd2 Kf7 24. Re5 Rh8 25. Qg3 Rh6 26. Rae1 Qf6 27. Rxe6 Qd8 28. Rxc6 Rc8 29. Rd6 Qh4 30. Qxh4 Rxh4 31. Rxd5 1-0

[Event "RN-2013-0-00646"]
[Site "LSS email"]
[Date "2013.05.16"]
[Round "?"]
[White "Venturas, Bob"]
[Black "Ramella, Mariano"]
[Result "0-1"]
[WhiteElo "731"]
[BlackElo "929"]
[PlyCount "80"]
[EventDate "2013.05.06"]
[EventType "tourn (corr)"]
[EventRounds "6"]
[EventCountry "GER"]
[SourceTitle "Telechess CBM 161"]
[Source "ChessBase"]
[SourceDate "2014.07.16"]
[SourceVersion "1"]
[SourceVersionDate "2014.07.16"]
[SourceQuality "1"]

1. e4 e5 2. Nf3 Nc6 3. a3 Nf6 4. Nc3 Bc5 5. h3 0-0 6. Bc4 h6 7. d3 a6 8. Bd2 Re8 9. Qc1 Kh7 10. Bxf7 Rf8 11. Ba2 d6 12. 0-0 Qe7 13. Ne2 Be6 14. b3 b5 15. c3 Bb6 16. Nh2 d5 17. Be3 dxe4 18. b4 exd3 19. Ng3 Bxe3 20. fxe3 Rad8 21. Nf3 e4 22. Bxe6 Qxe6 23. Nd2 Ne7 24. Qd1 Ned5 25. Qe1 Nxc3 26. Rf2 Qe5 27. Rf5 Qe6 28. Rc1 Ne2+ 29. Nxe2 Qxf5 30. Nd4 Qd7 31. Qd1 Rde8 32. Rc5 Nd5 33. Qh5 Nxe3 34. Rc1 Qxd4 35. Nb3 Qe5 36. Qh4 Rd8 37. Nd2 Nc4 38. Nxe4 d2 39. Rd1 Rd4 40. Ng5+ Kg8 0-1

[Event "RN-2012-0-00516"]
[Site "LSS email"]
[Date "2012.08.12"]
[Round "?"]
[White "Brough, Carl"]
[Black "Ramella, Mariano"]
[Result "0-1"]
[WhiteElo "631"]
[BlackElo "930"]
[PlyCount "94"]
[EventDate "2012.08.01"]
[EventType "tourn (corr)"]
[EventRounds "6"]
[EventCountry "GER"]
[SourceTitle "Telechess CBM 165"]
[Source "ChessBase"]
[SourceDate "2015.03.11"]
[SourceVersion "1"]
[SourceVersionDate "2015.03.11"]
[SourceQuality "1"]

1. d4 Nf6 2. c4 g6 3. Nc3 Bg7 4. e4 d6 5. Be2 0-0 6. Bf4 Nbd7 7. Nf3 Re8 8. 0-0 e5 9. dxe5 dxe5 10. Bg5 c5 11. Nd5 Nb6 12. Qd3 Nbxd5 13. cxd5 Qd6 14. Qb5 a6 15. Qd3 b5 16. a3 c4 17. Qc2 Bg4 18. h3 Bd7 19. Rad1 h6 20. Bh4 Nh5 21. Bg3 Nxg3 22. fxg3 Rac8 23. Qc3 f5 24. Nh4 fxe4 25. g4 Rf8 26. Rfe1 Kh7 27. Qe3 Qc5 28. Qxc5 Rxc5 29. d6 Rc6 30. Bf1 Rf6 31. Rxe4 Rfxd6 32. Rde1 Rd2 33. R4e2 Rxe2 34. Rxe2 Re6 35. Nf3 e4 36. Nd2 Bxb2 37. Re3 Bc1 38. Re2 Bxa3 39. Nb1 Bc5+ 40. Kh1 Rf6 41. Nd2 e3 42. Nf3 Bc6 43. Kg1 Bxf3 44. gxf3 Rxf3 45. Bg2 Rf2 46. Re1 c3 47. Be4 e2 0-1

[Event "RN-2012-0-00516"]
[Site "LSS email"]
[Date "2012.08.12"]
[Round "?"]
[White "Ramella, Mariano"]
[Black "Bortnicker, Justin"]
[Result "1/2-1/2"]
[WhiteElo "930"]
[BlackElo "868"]
[PlyCount "80"]
[EventDate "2012.08.01"]
[EventType "tourn (corr)"]
[EventRounds "6"]
[EventCountry "GER"]
[SourceTitle "Telechess CBM 165"]
[Source "ChessBase"]
[SourceDate "2015.03.11"]
[SourceVersion "1"]
[SourceVersionDate "2015.03.11"]
[SourceQuality "1"]

1. e4 e5 2. Nf3 Nc6 3. Bc4 Bc5 4. c3 Nf6 5. d4 exd4 6. cxd4 Bb4+ 7. Bd2 Bxd2+ 8. Nbxd2 d6 9. 0-0 0-0 10. Re1 Re8 11. Ng5 Re7 12. Qb3 Qd7 13. d5 Na5 14. Qc2 Nxc4 15. Nxc4 h6 16. Nf3 c6 17. e5 Nxd5 18. exd6 Rxe1+ 19. Rxe1 b5 20. Nfe5 Qe6 21. Na5 f6 22. d7 Bxd7 23. Nf3 Qf7 24. Nd4 Nb4 25. Qb3 Qxb3 26. Naxb3 Nxa2 27. Nc5 Be8 28. Nde6 Rc8 29. Ra1 Bf7 30. Rxa2 Bxe6 31. Nxe6 Re8 32. Rxa7 Rxe6 33. Kf1 Re4 34. Rd7 Rb4 35. Rc7 Rxb2 36. Rxc6 b4 37. Rb6 Kh7 38. g4 Kg6 39. Rb5 Kh7 40. Kg2 b3 1/2-1/2

[Event "RN-2012-0-00516"]
[Site "LSS email"]
[Date "2012.08.12"]
[Round "?"]
[White "Ramella, Mariano"]
[Black "Cherry, Brian"]
[Result "1-0"]
[WhiteElo "930"]
[BlackElo "720"]
[PlyCount "27"]
[EventDate "2012.08.01"]
[EventType "tourn (corr)"]
[EventRounds "6"]
[EventCountry "GER"]
[SourceTitle "Corr 2015"]
[Source "ChessBase"]
[SourceDate "2015.07.17"]
[SourceVersion "1"]
[SourceVersionDate "2015.07.17"]
[SourceQuality "1"]

1. e4 e5 2. Nf3 Nc6 3. Bc4 f6 4. c3 d6 5. h3 Qe7 6. 0-0 Be6 7. Bb3 g6 8. d4 Bxb3 9. Qxb3 b6 10. dxe5 Nxe5 11. Nxe5 Qxe5 12. Re1 0-0-0 13. Nd2 Qe6 14. Qxe6+ 1-0

[Event "RN-2012-0-00516"]
[Site "LSS email"]
[Date "2012.08.12"]
[Round "?"]
[White "Ramella, Mariano"]
[Black "Neil, Charles"]
[Result "1-0"]
[WhiteElo "930"]
[BlackElo "609"]
[PlyCount "37"]
[EventDate "2012.08.01"]
[EventType "tourn (corr)"]
[EventRounds "6"]
[EventCountry "GER"]
[SourceTitle "Corr 2015"]
[Source "ChessBase"]
[SourceDate "2015.07.17"]
[SourceVersion "1"]
[SourceVersionDate "2015.07.17"]
[SourceQuality "1"]

1. e4 e5 2. Nf3 Nc6 3. Bc4 Bc5 4. c3 Nf6 5. d4 exd4 6. cxd4 Bb4+ 7. Nc3 Bxc3+ 8. bxc3 0-0 9. e5 Qe7 10. 0-0 Ne8 11. Re1 Na5 12. Bg5 Qa3 13. Bb3 d5 14. Bxd5 Qxc3 15. Be7 c6 16. Rc1 Qb2 17. Rb1 Qc3 18. Re3 Qxe3 19. fxe3 1-0

[Event "RN-2012-0-00516"]
[Site "LSS email"]
[Date "2012.08.12"]
[Round "?"]
[White "Venturas, Bob"]
[Black "Ramella, Mariano"]
[Result "0-1"]
[WhiteElo "730"]
[BlackElo "930"]
[PlyCount "72"]
[EventDate "2012.08.01"]
[EventType "tourn (corr)"]
[EventRounds "6"]
[EventCountry "GER"]
[SourceTitle "Telechess CBM 165"]
[Source "ChessBase"]
[SourceDate "2015.03.11"]
[SourceVersion "1"]
[SourceVersionDate "2015.03.11"]
[SourceQuality "1"]

1. d4 Nf6 2. Nc3 g6 3. e4 d6 4. Qf3 Bg7 5. Bd3 0-0 6. h3 Re8 7. Nge2 e5 8. d5 c6 9. Bg5 c5 10. Bc4 a6 11. 0-0 b5 12. Bxb5 axb5 13. Nxb5 Ba6 14. a4 h6 15. Bh4 Bxb5 16. axb5 Nbd7 17. c4 Qc7 18. Ra3 g5 19. Bg3 Qb7 20. Rfa1 Nb6 21. b3 Rxa3 22. Rxa3 Ra8 23. Rxa8+ Qxa8 24. Qc3 Nxe4 25. Qb2 Nxg3 26. Nxg3 Qc8 27. f3 e4 28. Qe2 exf3 29. Qxf3 Qe8 30. Ne4 Bd4+ 31. Kh1 Qe5 32. h4 f5 33. Ng3 Qe1+ 34. Nf1 Qxh4+ 35. Nh2 Be5 36. Qh3 Qe1+ 0-1

[Event "RN-2012-0-00468"]
[Site "LSS email"]
[Date "2012.04.06"]
[Round "?"]
[White "Bester, Kazimierz"]
[Black "Ramella, Mariano"]
[Result "0-1"]
[WhiteElo "789"]
[BlackElo "917"]
[PlyCount "70"]
[EventDate "2012.03.19"]
[EventType "tourn (corr)"]
[EventRounds "6"]
[EventCountry "GER"]
[SourceTitle "Corr 2015"]
[Source "ChessBase"]
[SourceDate "2015.07.17"]
[SourceVersion "1"]
[SourceVersionDate "2015.07.17"]
[SourceQuality "1"]

1. d4 Nf6 2. e3 g6 3. c3 Bg7 4. Nf3 0-0 5. Bc4 d5 6. Bd3 b6 7. 0-0 c5 8. Ne5 cxd4 9. exd4 Bb7 10. f4 Nc6 11. Na3 Nxe5 12. fxe5 Nd7 13. Bg5 f6 14. exf6 Nxf6 15. Re1 a6 16. Nc2 Qc7 17. Qf3 a5 18. Qh3 Bc8 19. Re5 Bxh3 20. gxh3 Rad8 21. Na3 Rfe8 22. Bb5 Rf8 23. Rae1 Rf7 24. Ba4 h6 25. Bf4 Qb7 26. Re6 Ne4 27. Be3 Rd6 28. Rxd6 Nxd6 29. Bf2 Ne4 30. Be3 Qc8 31. Nb5 Qxh3 32. Nc7 Ng5 33. Bxg5 Qg4+ 34. Kh1 Qf3+ 35. Kg1 Qf2+ 0-1

[Event "RN-2012-0-00468"]
[Site "LSS email"]
[Date "2012.04.06"]
[Round "?"]
[White "Ramella, Mariano"]
[Black "Gonzalez, Julio Alberto"]
[Result "1-0"]
[WhiteElo "917"]
[BlackElo "745"]
[PlyCount "27"]
[EventDate "2012.03.19"]
[EventType "tourn (corr)"]
[EventRounds "6"]
[EventCountry "GER"]
[SourceTitle "Corr 2015"]
[Source "ChessBase"]
[SourceDate "2015.07.17"]
[SourceVersion "1"]
[SourceVersionDate "2015.07.17"]
[SourceQuality "1"]

1. e4 c5 2. Nf3 Nc6 3. d4 cxd4 4. Nxd4 Nf6 5. Nc3 e5 6. Nb3 Bb4 7. Bd3 d5 8. exd5 Bxc3+ 9. bxc3 Qxd5 10. 0-0 0-0 11. c4 Qd8 12. Bg5 Re8 13. Re1 h6 14. Bxf6 1-0

[Event "SN-2012-0-00422"]
[Site "LSS email"]
[Date "2012.02.19"]
[Round "?"]
[White "Ramella, Mariano"]
[Black "Newton, Daryl"]
[Result "1-0"]
[WhiteElo "917"]
[BlackElo "518"]
[PlyCount "61"]
[EventDate "2012.01.25"]
[EventType "tourn (corr)"]
[EventRounds "6"]
[EventCountry "GER"]
[SourceTitle "Corr 2015"]
[Source "ChessBase"]
[SourceDate "2015.07.17"]
[SourceVersion "1"]
[SourceVersionDate "2015.07.17"]
[SourceQuality "1"]

1. e4 e5 2. Nf3 d6 3. Bc4 c6 4. c3 Be7 5. 0-0 Bg5 6. Nxg5 Qxg5 7. d3 Qg6 8. Kh1 Nf6 9. h3 a6 10. Re1 Nbd7 11. Nd2 h5 12. Nf1 b5 13. Bb3 Bb7 14. Ng3 d5 15. exd5 Nc5 16. Rxe5+ Kf8 17. dxc6 Nfd7 18. cxb7 Nxb7 19. Rxh5 Rxh5 20. Nxh5 Re8 21. Ng3 Nd6 22. Bf4 Qf6 23. Bxd6+ Qxd6 24. Qd2 Nc5 25. Bc2 Re6 26. b4 Nd7 27. Re1 Qe7 28. Rxe6 Qxe6 29. Bb3 Qc6 30. Qg5 Qxc3 31. Qd8# 1-0